| 000 | 00466nam a22001697a 4500 | ||
|---|---|---|---|
| 999 |
_c524900 _d524900 |
||
| 003 | NUST | ||
| 038 | _awaseem | ||
| 082 |
_a891.423 _bMUD |
||
| 100 |
_aMudasir, Agha Ali _915700 |
||
| 245 |
_aThakay Peran De Pandh / _cAgha Ali Mudasir |
||
| 260 |
_aLahore : _bSawira Publications, _c1996. |
||
| 300 | _a132 p. ; | ||
| 500 | _aHardcover. | ||
| 880 |
_6100-01\r _aآغا علی مدثر |
||
| 880 |
_6245-02\r _aتھکے پیراں دا پندھ / |
||
| 942 |
_2ddc _cBK |
||